00454cam a2200181ua 4500001000500000005001700005008003900022020001800061040000900079082001000088100001600098245003800114250000900152260004400161300001700205653002600222653002400248430720260515113820.0111223n ii |||gr||||Z||||||eng a81-7835-007-6 cMAIN a305.41 aRao, R. K.,11aWomen and educationcby R. K. Rao a1st. aNew Delhi:bKalpaz Publication,c2006. a272p:c23cm. aSocial group of women aWomen and education